Country Flags of the World Randomized - Statistics

General Stats
  • This quiz has been taken 175 times
  • The average score is 38 of 50
Answer Stats
Picture Answer % Correct
Argentina
100%
Australia
100%
Bangladesh
100%
Canada
100%
China
100%
Colombia
100%
Croatia
100%
Equatorial Guinea
100%
Estonia
100%
Finland
100%
Georgia
100%
Germany
100%
India
100%
Iran
100%
Iraq
100%
Ireland
100%
Israel
100%
Japan
100%
Kenya
100%
Kosovo
100%
Lebanon
100%
Liechtenstein
100%
Luxembourg
100%
Malta
100%
Mexico
100%
Morocco
100%
Nepal
100%
Nigeria
100%
Poland
100%
Portugal
100%
Qatar
100%
Russia
100%
Singapore
100%
Slovenia
100%
South Korea
100%
Spain
100%
Switzerland
100%
Tonga
100%
Ukraine
100%
United Kingdom
100%
Bosnia and Herzegovina
93%
Bahrain
92%
Belarus
92%
Cambodia
92%
Maldives
92%
Monaco
92%
Turkey
92%
United Arab Emirates
92%
Barbados
91%
Cyprus
91%
Mali
91%
Angola
90%
Kiribati
90%
Latvia
90%
Pakistan
90%
Palau
90%
Peru
90%
Saudi Arabia
90%
Algeria
89%
Bhutan
89%
Czech Republic
89%
Malawi
89%
Slovakia
89%
Uruguay
89%
Venezuela
89%
Austria
88%
Belgium
88%
Brazil
88%
Cameroon
88%
Egypt
88%
Eswatini
88%
Ivory Coast
88%
Jamaica
88%
Norway
88%
Samoa
88%
San Marino
88%
Bahamas
86%
Central African Republic
86%
Chile
86%
Honduras
86%
Kazakhstan
86%
Somalia
86%
Tanzania
86%
Sweden
85%
Bulgaria
83%
Chad
83%
Denmark
83%
Fiji
83%
Ghana
83%
Greece
83%
Haiti
83%
Iceland
83%
Italy
83%
Lesotho
83%
Moldova
83%
Mongolia
83%
New Zealand
83%
Papua New Guinea
83%
Saint Lucia
83%
Sudan
83%
Belize
82%
Costa Rica
82%
Libya
82%
Montenegro
82%
South Sudan
82%
Tuvalu
82%
Yemen
82%
Brunei
80%
Comoros
80%
Cuba
80%
Djibouti
80%
Federated States of Micronesia
80%
Madagascar
80%
Netherlands
80%
Sri Lanka
80%
Thailand
80%
Tunisia
80%
United States
80%
Vanuatu
80%
Zambia
80%
Marshall Islands
79%
Albania
78%
Antigua and Barbuda
78%
Dominica
78%
East Timor
78%
Hungary
78%
Indonesia
78%
Kyrgyzstan
78%
Malaysia
78%
Mozambique
78%
South Africa
78%
Turkmenistan
78%
Philippines
77%
Armenia
75%
Eritrea
75%
Ethiopia
75%
France
75%
Gambia
75%
Myanmar
75%
Burundi
73%
Ecuador
73%
Gabon
73%
Panama
73%
Serbia
73%
Vietnam
73%
Democratic Republic of the Congo
71%
Jordan
71%
Kuwait
71%
Laos
71%
Lithuania
71%
North Korea
71%
Suriname
71%
Syria
71%
Uganda
71%
Grenada
70%
Liberia
70%
Niger
70%
Saint Vincent and the Grenadines
70%
Senegal
70%
Benin
67%
Bolivia
67%
Botswana
67%
Guatemala
67%
Namibia
67%
Oman
67%
Saint Kitts and Nevis
67%
Seychelles
67%
Solomon Islands
67%
Taiwan
67%
Trinidad and Tobago
67%
Zimbabwe
64%
Andorra
63%
Nauru
63%
Uzbekistan
62%
Dominican Republic
58%
Mauritius
58%
Azerbaijan
57%
North Macedonia
57%
Republic of the Congo
57%
Romania
57%
Vatican City
57%
Mauritania
56%
Afghanistan
50%
Cape Verde
50%
Guinea
50%
Guinea-Bissau
50%
Guyana
50%
Paraguay
50%
Rwanda
50%
Tajikistan
50%
Togo
50%
Sahrawi Arab Democratic Republic
45%
Sierra Leone
45%
El Salvador
43%
Burkina Faso
42%
Nicaragua
38%
São Tomé and Príncipe
33%
Northern Cyprus
25%
Palestine
25%
Abkhazia
22%
Somaliland
14%
South Ossetia
11%
Artsakh
0%
Transnistria
0%
No matching quizzes found
Score Distribution
Percent of People with Each Score
Percentile by Number Answered
Your Score History
You have not taken this quiz